000 00478ntaaa2200169 4500
003 01
005 20251027202626.0
008 0714s1973 ag 01
040 _aAR-BaBN
_bspa
_cAR-BaBN
_eaacr
_dRIC
082 _a371.2000 H62c
245 _aHistoria de la Caja Nacional de Ahorro y Seguro
250 _a1 ed.
260 _aBuenos Aires :
_bCaja Nacional de Ahorro y Seguro,
_cs.f.
300 _a36 p ;
_cilu. : 21 cm
650 _aCaja nacional de ahorro y seguro
942 _cBK
999 _c21408
_d21408